Care in practice for higher / (Record no. 6710)

MARC details
000 -LEADER
fixed length control field 00601nam a22002177a 4500
003 - CONTROL NUMBER IDENTIFIER
control field OSt
005 - DATE AND TIME OF LATEST TRANSACTION
control field 20200305154930.0
008 - FIXED-LENGTH DATA ELEMENTS--GENERAL INFORMATION
fixed length control field 200305b ||||| |||| 00| 0 eng d
020 ## - INTERNATIONAL STANDARD BOOK NUMBER
International Standard Book Number 9780340929629
040 ## - CATALOGING SOURCE
Transcribing agency DLC
082 ## - DEWEY DECIMAL CLASSIFICATION NUMBER
Classification number W 84
Item number C18j 2008
245 ## - TITLE STATEMENT
Title Care in practice for higher /
Statement of responsibility, etc. Janet Miller, Susan Gibb
250 ## - EDITION STATEMENT
Edition statement 2nd.ed.
260 ## - PUBLICATION, DISTRIBUTION, ETC. (IMPRINT)
Place of publication, distribution, etc. Hodder Gibson
Name of publisher, distributor, etc. London
Date of publication, distribution, etc. 2007
300 ## - PHYSICAL DESCRIPTION
Extent xii, 330p;
Other physical details col.ill:
Dimensions 20 cm.
504 ## - BIBLIOGRAPHY, ETC. NOTE
Bibliography, etc Includes bibliographical references and index
650 ## - SUBJECT ADDED ENTRY--TOPICAL TERM
Source of heading or term Care
700 ## - ADDED ENTRY--PERSONAL NAME
Personal name Miller, Janet
9 (RLIN) 2201
700 ## - ADDED ENTRY--PERSONAL NAME
Personal name Gibb, Susan
9 (RLIN) 13786
942 ## - ADDED ENTRY ELEMENTS (KOHA)
Source of classification or shelving scheme Dewey Decimal Classification
Koha item type Open Shelf
Holdings
Withdrawn status Lost status Source of classification or shelving scheme Damaged status Not for loan Home library Current library Date acquired Source of acquisition Inventory number Total Checkouts Full call number Barcode Date last seen Price effective from Koha item type
    Dewey Decimal Classification     MUST Main Library MUST Main Library 05/03/2020 Donation 2011/35543   W 84 C18j 2008 2020-0649 05/03/2020 05/03/2020 Open Shelf